00280nam a2200109Ia 4500003000400000008004100004100001800045245004400063260004700107300000800154650000800162OSt191201s2004 xx 000 0 und d aRAO, P. Subba 0aPersonnel and Human Resource Management aN. DelhibHimalaya Publication Housec2004 a478 aMBA